Niños con pataleta, adolescentes desafiantes: cómo manejar los trastornos de conducta en los hijos

محفوظ في:
التفاصيل البيبلوغرافية
المؤلف الرئيسي: Céspedes Calderón, Amanda (مؤلف)
التنسيق: كتاب
اللغة:الإسبانية
منشور في: Santiago Ediciones B Chile 2014
الطبعة:11a. ed
الموضوعات:
الوسوم: إضافة وسم
لا توجد وسوم, كن أول من يضع وسما على هذه التسجيلة!

MARC

LEADER 00000cam a2200000 a 4500
001 UCE3257
003 CL-VaPUC
008 140821e20140000cl |||||||||||||||||spa|d
020 |a 9789563040319 
082 0 4 |a 155.42  |b CES  |2 21 
100 0 |a Céspedes Calderón, Amanda  |e author  |9 575813 
245 1 0 |a Niños con pataleta, adolescentes desafiantes: cómo manejar los trastornos de conducta en los hijos 
250 |a 11a. ed 
300 |a 152 p 
942 |c BK 
945 |d 20140821 14:35:00  |a arojas 
260 |a Santiago  |b Ediciones B Chile  |c 2014 
650 0 |a Trastornos del comportamiento  |9 311363 
650 7 |a TRASTORNOS DEL DESARROLLO  |2 CL-VaPUC  |9 451450 
650 0 |a Psicología del niño  |9 307305 
650 0 |a Adolescencia  |9 307361 
650 0 |a Desarrollo emocional  |9 313058 
650 7 |a PSICOPATOLOGIA INFANTIL  |2 CL-VaPUC  |9 307474 
583 |a last modification  |c 20180514 09:26:15  |k Rodrigo Vera 
999 |c 356680  |d 356678